000
00241nam a2200097Ia 4500
001
734165
005
20250826163828.0
008
250824s9999 xx 000 0 und d
245
0
_a
HIZLI OKUMA TEKNİKLERİ
_c
ADİL MAVİŞ
260
_b
YEDİVEREN
999
_c
734165
_d
734165